00222nam a22000977a 4500999001900000020001900019100001700038245003100055260003100086942000700117 c262836d262835 a97804252887453 aFloyd Cooper aMax and the tag along moon aU.S.AbPenguin Groupc2013 cBK